00851nam a2200169 i 450000100060000000300090000600500170001500700030003200800410003510000350007624500840011126000480019530000370024350503540028070000250063485200220065922055ES-MaACL20260303063010.0t|021129s1847 fr ||||1| ita d1 aAlfieri, Vittorio, d1749-180310aOpere scelte / cdi Vittorio Alfieri ; publicato percura di Giuseppe Zirardini. aParigi : b[s.n., c1847] (fImp. Crapelet) aVII, 730 p., 1 lám. ; c22 cm.8 aContiene: Vita di Vittorio Alfieri, sevitta da en lettera di Ramieri di "Casalbig" all autore sulle quattro sue prince tragedie. Risposta dell autore. Parere dell autore sull arte comica in Italia. Tragedie. Il divorzio, comedia. Satire. Sonetti vari. L'America libera, odi. Dell principe e delle littere, libritre. Panegírico de Plinio a Traiano.1 aZirardini, Giuseppe. aES-MaACLjG-12563